| Поле | Название | Значение |
| |
Тип записи |
a |
| |
Библиографический уровень |
m |
| 001 |
Контрольный номер |
07e207efa78f4bb3842a8173cbcbcd8d |
| 005 |
Дата корректировки |
20160928161529.9 |
| 010 |
Индекс ISBN |
__ |
| a |
ISBN |
978-5-394-02328-6 |
| 101 |
Язык документа |
0_ |
| a |
Язык текста |
rus |
| 102 |
Страна публикации |
__ |
| a |
Страна публикации |
RU |
| 200 |
Заглавие и сведения об ответственности |
1_ |
| a |
Заглавие |
Управление инновационной деятельностью |
| e |
Сведения, относящиеся к заглавию |
учебник |
| b |
Общее обозначение материала |
Текст |
| f |
Первые сведения об ответственности |
А. П. Агарков, Р. С. Голов |
| 210 |
Выходные данные |
1_ |
| d |
Дата издания |
2014 |
| c |
Издательство |
Дашков и К |
| a |
Место издания |
М. |
| 215 |
Физическое описание |
__ |
| a |
Объем |
204, [1] с. |
| 225 |
Серия |
2_ |
| a |
Серия |
Учебные издания для бакалавров |
| 610 |
Ключевые слова |
0_ |
| a |
Ключевые слова |
инновационная деятельность |
| a |
Ключевые слова |
инновации |
| a |
Ключевые слова |
экономика предприятия |
| 610 |
Ключевые слова |
0_ |
| a |
Ключевые слова |
инновационный менеджмент |
| a |
Ключевые слова |
инновационный проект |
| a |
Ключевые слова |
риски |
| 610 |
Ключевые слова |
0_ |
| a |
Ключевые слова |
управление рисками |
| 610 |
Ключевые слова |
0_ |
| a |
Ключевые слова |
управление качеством |
| a |
Ключевые слова |
управление инновациями |
| 610 |
Ключевые слова |
0_ |
| a |
Ключевые слова |
конкурентоспособность |
| 686 |
Индексы других классификаций |
__ |
| a |
Классификационный индекс |
65.291.551-21я73 |
| 2 |
Код системы |
rubbk |
| 700 |
Автор |
_1 |
| a |
Фамилия |
Агарков |
| b |
Имя |
А.П. |
| g |
Полное личное имя |
Анатолий Павлович |
| 701 |
Альтернативная интеллектуальная ответственность |
_1 |
| a |
Фамилия |
Голов |
| b |
Имя |
Р. С. |
| 801 |
Источник записи |
_0 |
| a |
Страна |
RU |
| b |
Организация |
РУК |
| c |
Дата составления |
20140411 |
| g |
Правила каталогизации |
PSBO |
| 801 |
Источник записи |
_1 |
| a |
Страна |
RU |
| b |
Организация |
РУК |
| c |
Дата составления |
20160927 |
| g |
Правила каталогизации |
PSBO |
| 852 |
Данные о местонахождении |
__ |
| i |
Авторский знак |
А 23 |
| j |
Шифр хранения |
ББК 65.291.551-21 |
| 901 |
Тип документа |
__ |
| t |
Тип документа |
m |
| 938 |
Служебная информация |
__ |
| a |
Название организации |
Головной вуз |
| b |
Имя БД |
BOOK |
| c |
Название АИБС |
АИБС ИРБИС |
| 952 |
Тип литературы |
__ |
| b |
Гриф литературы для ВШ |
гриф |
| c |
Вид литературы |
учебник |